| 000 | 00873nam a2200277Ia 4500 | ||
|---|---|---|---|
| 003 | OSt | ||
| 005 | 20220925221651.0 | ||
| 006 | a|||||r|||| 00| 0 | ||
| 007 | ta | ||
| 008 | 220923b |||||||| |||| 00| 0 eng d | ||
| 020 |
_a0262195178 _c2021.40 |
||
| 037 |
_b798, 03/03/2006, SUCCESS BOOK SERVICE _cGeneral Book |
||
| 040 |
_aRTL _cRTL _beng |
||
| 041 |
_2eng _aeng |
||
| 082 | _aX:77, P5 | ||
| 100 |
_aStern Nicholas _9249814 |
||
| 245 | 0 |
_aGrowth and empowerment _b making development happen |
|
| 260 |
_aLondon _bMIT Press _c2005 |
||
| 300 |
_axxxiv,463p. _ccm. |
||
| 490 | _aMunich Lectures in Economics | ||
| 500 | _aBibliography: p 405-40 | ||
| 650 |
_a Economic Development _917300 |
||
| 650 |
_aEconomic _937751 |
||
| 942 |
_hX:77, P5 _cGB _2CC |
||
| 999 |
_c575020 _d575020 |
||